City by Wall - Statistics

General Stats
  • This quiz has been taken 16 times
  • The average score is 7 of 16
Answer Stats
Picture Answer % Correct
Berlin
93%
Jerusalem
87%
Moscow
73%
Agra
53%
Washington D.C.
53%
Timbuktu
47%
York
47%
Aleppo
40%
Fez
40%
Istanbul
33%
Xi'an
33%
Bukhara
20%
Cairo
20%
Quebec City
20%
Dubrovnik
13%
Cartagena
7%
No matching quizzes found
Score Distribution
Percent of People with Each Score
Percentile by Number Answered
Your Score History
You have not taken this quiz